LEADER 01247nam a2200253 i 4500 001 000000065633 003 CaOOAMICUS 005 20131113000000.0 008 131113s1969 xx u000 u fre u 013 $a36805 040 $aSeMil$bita 100 1 $aKhoury, Adel Theodor,$d<1930-2023>.$0(OLS)http://semarc/name/16596 245 14$aLes théologiens byzantins et l'Islam :$btextes et auteurs (8.-13. s.) /$cAdel-Théodore Khoury Docteur ès Lettres, Maître de Conférences à l'Université de Münster. 260 $aParis :$bBéatrice-Nauwelaerts,$ccopyr. 1969. 260 $aLouvain :$bNauwelaerts,$ccopyr. 1969. 300 $a334 p. ;$c24 cm. 500 $aContiene : Liste bibliographique. 650 4$aChiesa Ortodossa Greca.$0(OLS)http://semarc/subject/7246 650 4$aCristianesimo e Islamismo - Sec. 7.-15.$0(OLS)http://semarc/subject/12797 850 $aSeMil 852 $aSeMil$W1$xVenegono$y1$m2N I 177$j31786$B31786$CSeMilBibl$Z2$F31789 $81 996 $6245$aLes théologiens byzantins et l'Islam :$btextes et auteurs (8.-13. s.)$9(OLS)http://semarc/title/104196 996 $6260$aLouvain :$bNauwelaerts$9(OLS)http://semarc/publisher/29827 996 $6260$aParis :$bBéatrice-Nauwelaerts$9(OLS)http://semarc/publisher/32492 LEADER 01024nam a2200229 i 4500 001 000000051539 003 CaOOAMICUS 005 20260311143737.0 008 121127s1933 it u000 u ita u 013 $a22711 040 $aSeMil$bita 100 1 $aFino, Saverio.$0(OLS)http://semarc/name/25475 245 10$aPiccola enciclopedia del beneficiato :$bcon le leggi ecclesiastiche e i formulari degli atti principali /$cAvv. Saverio Fino. 260 $aTorino :$bSocietà Editrice Internazionale,$c1933. 300 $aXIV, 669 p. ;$c21 cm. 650 4$aDiritto ecclesiastico.$0(OLS)http://semarc/subject/933 850 $aSeMil 852 $aSeMil$W1$xVenegono$y1$m2J III 97$j17694$B17694$CSeMilBibl$Z2$F17695 $81 961 $aOmaggio: Donazione 996 $6245$aPiccola enciclopedia del beneficiato :$bcon le leggi ecclesiastiche e i formulari degli atti principali$9(OLS)http://semarc/title/78973 996 $6260$aTorino :$bSocietà Editrice Internazionale$9(OLS)http://semarc/publisher/29847